[Event "Lazy Baltic Pearl op-A 19th"]
[Site "Lazy"]
[Date "2023.07.04"]
[Round "9"]
[White "Kusiak, Mateusz"]
[Black "Maciaszek, Karol"]
[Result "1-0"]
[WhiteElo "1943"]
[BlackElo "1731"]
[PlyCount "119"]
[EventDate "2023.06.26"]
[EventType "swiss"]
[EventRounds "9"]
[EventCountry "POL"]
[SourceTitle "EXT 2024"]
[Source "ChessBase"]
[SourceDate "2023.10.10"]
[SourceVersion "1"]
[SourceVersionDate "2023.10.10"]
[SourceQuality "1"]

1. Nf3 b6 2. c4 Bb7 3. Nc3 Nf6 4. g3 g6 5. Bg2 Bg7 6. 0-0 0-0 7. Re1 Ne4 8. Nxe4 Bxe4 9. d3 Bb7 10. e4 c5 11. d4 cxd4 12. Nxd4 d6 13. Bg5 h6 14. Be3 Nd7 15. Qd2 Kh7 16. f4 Nc5 17. Bf2 Rc8 18. Rad1 Qc7 19. b3 a6 20. Qe2 Rb8 21. f5 Bc8 22. e5 Bb7 23. fxg6+ fxg6 24. exd6 exd6 25. Ne6 Nxe6 26. Qxe6 Bxg2 27. Kxg2 Qb7+ 28. Qd5 Be5 29. Bd4 Qxd5+ 30. cxd5 Bxd4 31. Rxd4 Rbc8 32. Re7+ Kg8 33. Rd2 Rfe8 34. Rd7 Red8 35. Rxd8+ Rxd8 36. Rc2 Re8 37. Rc6 Re2+ 38. Kh3 Rxa2 39. Rxd6 Kf7 40. Rxb6 Rd2 41. d6 a5 42. Ra6 Rd3 43. Rxa5 Rxb3 44. Rd5 Rb8 45. d7 Ke7 46. Kg4 Rd8 47. h4 Ke6 48. Rd1 Ke7 49. h5 Kf7 50. Rd2 gxh5+ 51. Kxh5 Kg7 52. Rd6 Kh7 53. Rxh6+ Kg7 54. Rd6 Kh7 55. Kg5 Kg7 56. Kf5 Kf7 57. Ke5 Ke7 58. Re6+ Kf7 59. Kd6 Ra8 60. Re1 1-0

[Event "Lazy Baltic Pearl op-A 19th"]
[Site "Lazy"]
[Date "2023.07.02"]
[Round "7"]
[White "Majewski, Krzysztof"]
[Black "Maciaszek, Karol"]
[Result "1/2-1/2"]
[WhiteElo "1859"]
[BlackElo "1731"]
[PlyCount "171"]
[EventDate "2023.06.26"]
[EventType "swiss"]
[EventRounds "9"]
[EventCountry "POL"]
[SourceTitle "CBM 215 Extra"]
[Source "ChessBase"]
[SourceDate "2023.09.30"]
[SourceVersion "1"]
[SourceVersionDate "2023.09.30"]
[SourceQuality "1"]

1. b3 e6 2. Bb2 Nf6 3. c4 b6 4. Nf3 Bb7 5. g3 Be7 6. Bg2 0-0 7. 0-0 d5 8. Na3 dxc4 9. Nxc4 Nbd7 10. Rc1 c5 11. d3 Nd5 12. a3 Bf6 13. Qc2 Qc7 14. e4 Bxb2 15. Qxb2 Ne7 16. b4 Rac8 17. Rfd1 Qb8 18. Nce5 Nxe5 19. Nxe5 Rfd8 20. bxc5 bxc5 21. Qc3 Ba6 22. Bf1 Rd4 23. Nf3 Rd6 24. Qa5 Qb6 25. Qc3 Qb8 26. h4 h6 27. h5 Rb6 28. Qa5 Bb5 29. Rd2 Nc6 30. Qc3 Ba6 31. Rdc2 Rb1 32. Rxb1 Qxb1 33. Rb2 Qd1 34. Kg2 Nd4 35. Nd2 Qxh5 36. Qa5 Rc6 37. Qd8+ Kh7 38. Qd7 Rb6 39. Rxb6 axb6 40. Qa7 Qd1 41. Qxa6 Qxd2 42. Qxb6 Qc2 43. Qc7 f6 44. a4 Qxa4 45. Qxc5 e5 46. Qc4 Qd1 47. Qc8 Qf3+ 48. Kg1 h5 49. Qh3 Kh6 50. Qg2 Qg4 51. Qh3 Kg5 52. Kg2 Qf3+ 53. Kg1 Qg4 54. Kg2 Kg6 55. Qxg4+ hxg4 56. Kg1 Kf7 57. Bg2 Ke7 58. Kf1 Kd6 59. Ke1 Kc5 60. Kd2 Kb4 61. Bf1 g6 62. Bg2 Kb3 63. Bf1 Kb2 64. Bg2 Nb3+ 65. Ke3 Kc3 66. f3 Nc5 67. fxg4 Nxd3 68. Bf1 Nb4 69. g5 fxg5 70. Kf3 Nc2 71. Ba6 Kd4 72. Kg4 Kxe4 73. Kxg5 Ne3 74. Bb7+ Kd4 75. Kxg6 Nd5 76. g4 e4 77. g5 e3 78. Ba6 Nf4+ 79. Kf5 Nd3 80. Bxd3 Kxd3 81. g6 e2 82. g7 e1Q 83. g8Q Qf2+ 84. Kg6 Qg3+ 85. Kf7 Qxg8+ 86. Kxg8 1/2-1/2

[Event "Lazy Baltic Pearl op-A 19th"]
[Site "Lazy"]
[Date "2023.07.01"]
[Round "6"]
[White "Maciaszek, Karol"]
[Black "Bury, Milosz"]
[Result "1-0"]
[WhiteElo "1731"]
[BlackElo "1800"]
[PlyCount "111"]
[EventDate "2023.06.26"]
[EventType "swiss"]
[EventRounds "9"]
[EventCountry "POL"]
[SourceTitle "CBM 215 Extra"]
[Source "ChessBase"]
[SourceDate "2023.09.30"]
[SourceVersion "1"]
[SourceVersionDate "2023.09.30"]
[SourceQuality "1"]

1. d4 Nf6 2. Bg5 d5 3. e3 c5 4. Bxf6 gxf6 5. dxc5 e6 6. Nf3 Bxc5 7. Be2 Nc6 8. 0-0 0-0 9. c4 dxc4 10. Qc2 b6 11. Qxc4 Bb7 12. Rd1 Qe7 13. Nc3 Ne5 14. Nxe5 fxe5 15. Ne4 Rac8 16. Rd7 Bd5 17. Qa4 Bc6 18. Rxe7 Bxa4 19. Rxa7 Bc2 20. Nxc5 Rxc5 21. Rc1 Rfc8 22. Rb7 Be4 23. Rxc5 Rxc5 24. Rb8+ Kg7 25. f3 Bd5 26. Rxb6 Bxa2 27. Bd3 Rc1+ 28. Kf2 Bb1 29. Bxb1 Rxb1 30. b4 Kf6 31. e4 h6 32. b5 Rb2+ 33. Kg3 Kg6 34. Rb8 Kf6 35. b6 Kg7 36. b7 Kh7 37. f4 Rb3+ 38. Kg4 exf4 39. Kxf4 Rb5 40. e5 Kg7 41. Ke4 Rb4+ 42. Kd3 Rb1 43. Kd4 Rb2 44. Kc5 Rc2+ 45. Kd6 Rd2+ 46. Ke7 Rb2 47. g4 Rb3 48. h4 Rb6 49. g5 hxg5 50. hxg5 Rb2 51. g6 fxg6 52. Kxe6 Rb1 53. Kd7 g5 54. e6 g4 55. e7 Rd1+ 56. Kc6 1-0

[Event "Lazy Baltic Pearl op-A 19th"]
[Site "Lazy"]
[Date "2023.06.30"]
[Round "5"]
[White "Musial, Igor"]
[Black "Maciaszek, Karol"]
[Result "1/2-1/2"]
[WhiteElo "1921"]
[BlackElo "1731"]
[PlyCount "55"]
[EventDate "2023.06.26"]
[EventType "swiss"]
[EventRounds "9"]
[EventCountry "POL"]
[SourceTitle "CBM 215 Extra"]
[Source "ChessBase"]
[SourceDate "2023.09.30"]
[SourceVersion "1"]
[SourceVersionDate "2023.09.30"]
[SourceQuality "1"]

1. e4 c5 2. Nf3 e6 3. d4 cxd4 4. Nxd4 Nf6 5. Nc3 Nc6 6. Ndb5 Bb4 7. a3 Bxc3+ 8. Nxc3 d5 9. Bd3 dxe4 10. Nxe4 Nxe4 11. Bxe4 Qxd1+ 12. Kxd1 Bd7 13. Be3 0-0-0 14. f3 e5 15. Ke1 Kb8 16. Rd1 f6 17. Kf2 Na5 18. b3 g6 19. Rd5 b6 20. Rhd1 Kc7 21. f4 Bc6 22. Rxd8 Rxd8 23. Rxd8 Kxd8 24. Bxc6 Nxc6 25. fxe5 Nxe5 26. Bd4 Nd7 27. Ke3 Kc7 28. c4 1/2-1/2

[Event "Warsaw Najdorf Memorial op-B"]
[Site "Warsaw"]
[Date "2021.07.11"]
[Round "2"]
[White "Hertlein, Irena"]
[Black "Maciaszek, Karol"]
[Result "0-1"]
[WhiteElo "1643"]
[BlackElo "1386"]
[PlyCount "82"]
[EventDate "2021.07.10"]
[EventType "swiss"]
[EventRounds "9"]
[EventCountry "POL"]
[SourceTitle "EXT 2022"]
[Source "ChessBase"]
[SourceDate "2021.10.06"]
[SourceVersion "1"]
[SourceVersionDate "2021.10.06"]
[SourceQuality "1"]

1. e4 c5 2. Nf3 e6 3. d4 cxd4 4. Nxd4 Nf6 5. Nc3 Nc6 6. Nxc6 bxc6 7. e5 Nd5 8. Ne4 Qc7 9. f4 Qb6 10. a3 Ne3 11. Qd3 Nxf1 12. Rxf1 Ba6 13. c4 Rb8 14. b4 Be7 15. Rf2 f5 16. Nd6+ Bxd6 17. exd6 0-0 18. Kf1 Rf6 19. Bb2 Rg6 20. Bd4 Qb7 21. Rc1 Ra8 22. Rf3 Qb8 23. Be5 Bb7 24. Rg3 Qe8 25. Rc3 a5 26. Qd4 axb4 27. Rxg6 hxg6 28. Rb3 Rxa3 29. Rxb4 Qa8 30. Qb2 Ra2 31. Qb3 Ra7 32. Qg3 Qe8 33. Bd4 c5 34. Bxc5 Ra1+ 35. Kf2 Ra2+ 36. Ke1 Rxg2 37. Qb3 Qa8 38. Rxb7 Qa1+ 39. Qb1 Qc3+ 40. Kf1 Qf3+ 41. Ke1 Qe2# 0-1